Mirror, mirror on the wall : women writers explore their favorite fairy tales
Αποθηκεύτηκε σε:
| Άλλοι συγγραφείς: | |
|---|---|
| Μορφή: | Βιβλίο |
| Γλώσσα: | English |
| Δημοσίευση: |
New York :
Anchor Books,
[c1998]
|
| Θέματα: | |
| Ετικέτες: |
Προσθήκη ετικέτας
Δεν υπάρχουν, Καταχωρήστε ετικέτα πρώτοι!
|
MARC
| LEADER | 00000nam a2200000 i 4500 | ||
|---|---|---|---|
| 001 | 1/39012 | ||
| 008 | 061207s1998 eng d | ||
| 020 | |a 0-385-48681-2 | ||
| 035 | |l 10086484 | ||
| 040 | |a GR-MY-UA |b gre |e aacr | ||
| 041 | 0 | |a eng | |
| 082 | 0 | |a 810.9 |2 (22) | |
| 245 | 1 | 0 | |a Mirror, mirror on the wall : |b women writers explore their favorite fairy tales / |c edited by Kate Bernheimer |
| 260 | |a New York : |b Anchor Books, |c [c1998] | ||
| 300 | |a xxx, 367 σ.; |c 20 εκ. | ||
| 650 | 0 | 0 | |a American literature |x Women authors |x History and criticism. |
| 650 | 0 | 0 | |a Literature and folklore. |
| 650 | 0 | 0 | |a Fairy tales |z United States |x History and criticism. |
| 700 | 1 | |a Bernheimer, Kate. |4 edt | |
| 852 | |a INST |b RHODES |e 20061207 |h 810.9 MIR |p 005400023751 |q 005400023751 |t BK |y 0 | ||
| 901 | |a BIBL4-2006-3 | ||
| 909 | |a Ρ |b 127357 | ||
| 920 | |a ΚΕΝΤΡΙΚΗ ΔΡΑΣΗ ΦΥΛΟΥ |b ΕΠΕΑΕΚ ΙΙ-ΤΕΠΑΕΣ |y ΡΟΔΟΣ |z 2006-11 | ||
| 970 | |a ΜΙΣΣΟΣ |b ΣΤΑΥΡΟΣ |z 2006/12/07 | ||